UM Logo
Normal view MARC view
  • Gerlowski, D. A.

Entry Personal Name

Number of records used in: 1

001 - CONTROL NUMBER

  • control field: 43010

003 - CONTROL NUMBER IDENTIFIER

  • control field: OSt

005 - DATE AND TIME OF LATEST TRANSACTION

  • control field: 20210210154250.0

008 - FIXED-LENGTH DATA ELEMENTS

  • fixed length control field: 210210|| aca||aabn | a|a d

040 ## - CATALOGING SOURCE

  • Original cataloging agency: OSt
  • Transcribing agency: OSt

100 ## - HEADING--PERSONAL NAME

  • Personal name: Gerlowski, D. A.
  • Relator term: Author.

670 ## - SOURCE DATA FOUND

  • Source citation: Work cat.: (OSt): Korb, Phillip J. 43007, Price versus interest rate expectations: , ©2011.